000 00560nam a2200205 a 4500
001 12513
003 CO-ViMGA
008 141112s2004 ck r 000 u spa d
040 _aCO-ViMGA
_bspa
_cCO-ViMGA
082 0 4 _a615.788309 O77v
100 1 _aOrtegón, Páez Rafael
_918028
245 1 0 _aVoragine alucinante en la historia de las drogas
250 _a1
260 _aBogotá :
_btercer mundo,
_c1981
300 _a417p.
650 1 4 _aABUSO DE DROGAS
_918029
650 1 4 _aDROGADITOS
_918030
650 1 4 _aDROGAS ALUCINOGENAS
_918031
942 _2ddc
_cBK
999 _c23509
_d23509